| 000 | 00720nam a22002057a 4500 | ||
|---|---|---|---|
| 003 | GBCCL | ||
| 005 | 20251204112009.0 | ||
| 008 | 251204b |||||||| |||| 00| 0 eng d | ||
| 020 | _a9781466484108 | ||
| 020 | _a1466484101 | ||
| 040 | _cGBC | ||
| 082 |
_a254.1 _bDES 1 |
||
| 100 | _aDe Souza, Angela | ||
| 245 |
_aThe tale of a church planter : _bthe ups, downs, frustrations, joys and everything in-between on the roller coaster ride of church planting / _cAngela De Souza |
||
| 260 |
_a[Place of publication not identified] _bAngela De Souza, _c2012 |
||
| 300 |
_a227 pages : _billustrations (black and white) ; _c22 cm |
||
| 650 | _a Church development, New | ||
| 650 | _aChurch growth | ||
| 942 |
_2ddc _cBK _n0 |
||
| 999 |
_c11091 _d11091 |
||